| 000 | 00905nam a2200229 a 4500 | ||
|---|---|---|---|
| 001 | BRCA_4784 | ||
| 005 | 20190320204814.0 | ||
| 008 | 081010c1968----ag-af#####---#000-0#spa-# | ||
| 041 | _aspa | ||
| 044 | _aag | ||
| 050 | 4 |
_aND553 _b.P56 _c1968 |
|
| 245 | 1 | 0 |
_aHonoré Daumier _cmonografía por Mario de Micheli ; traducción por Berta Senderey ; el juicio del siglo XX, por Catalina Elsa Lago. |
| 260 |
_aArgentina _bCodex _cc1968 |
||
| 300 |
_a1 v. (sin paginación) _bil., 16 láminas a color _c36 cm. |
||
| 440 | 0 |
_aPinacoteca de los genios : la más grandiosa colección de arte del mundo _v154 _912101 |
|
| 500 | _aIncluye índice de ilustraciones y nómina de pintores publicados en pinacoteca de los genios | ||
| 600 | 1 | 4 |
_aDaumier, Honoré _d1808-1879 _97891 |
| 700 | 1 |
_aMicheli, Mario de _912102 |
|
| 700 | 1 |
_aLago, Catalina Elsa _912103 |
|
| 700 | 1 |
_aSenderey, Berta _etr. _912104 |
|
| 942 |
_2lcc _cB |
||
| 999 |
_c4481 _d4481 |
||